000 00590nam a2200229Ia 4500
003 OSt
005 20220928144545.0
006 a|||||r|||| 00| 0
007 ta
008 220927b |||||||| |||| 00| 0 eng d
024 _a71824
037 _cTextual
040 _aSDCL
_cSDCL
_beng
041 _2eng
_aeng
082 _aO,3:g, K8
100 _aCalderwood J L Ed.
_9508263
245 0 _aPerspectives on fiction.
260 _c1968
700 _a Toliver Harold
_9508264
942 _hO,3:g, K8
_cTEXL
_2CC
999 _c827948
_d827948